Water transport in brick, stone and concrete (Record no. 36960)

MARC details
000 -LEADER
fixed length control field 00557nam a2200181Ia 4500
020 ## - INTERNATIONAL STANDARD BOOK NUMBER
ISBN 9781032033983
050 ## - CALL MARK
Classification number TA 418.64 .H35/
100 ## - STATEMENT OF RESPONSIBILITY--MAIN AUTHOR NAME
Personal name Hall, Christopher
245 #0 - TITLE STATEMENT
Title Water transport in brick, stone and concrete
260 ## - PUBLICATION, DISTRIBUTION, ETC. (IMPRINT)
Place of publication Boca Raton
260 ## - PUBLICATION, DISTRIBUTION, ETC. (IMPRINT)
Name of publisher CRC Press
260 ## - PUBLICATION, DISTRIBUTION, ETC. (IMPRINT)
Year of publication 2021
300 ## - PHYSICAL DESCRIPTION
Number of Pages xix, 452p.: ill.
650 ## - SUBJECT ADDED ENTRY--TOPICAL TERM
Topical Term Building materials--Moisture. Building materials--Permeability. Masonry--Materials--Permeability. Dampness in buildings.
942 ## - ADDED ENTRY ELEMENTS (KOHA)
Koha item type Books
Holdings
Withdrawn status Lost status Source of classification or shelving scheme Damaged status Not for loan Permanent Location Current Location Shelving location Date acquired Accession Number Price effective from Koha item type
    Library of Congress Classification     NILE UNIVERSITY OF NIGERIA - MAIN LIBRARY NILE UNIVERSITY OF NIGERIA - MAIN LIBRARY Items on shelf 04/23/2025 0198797 04/23/2025 Books